[Event "Bad Sooden (29.04.-07.05)"]
[Site "?"]
[Date "2003.05.02"]
[Round "4"]
[White "Aepfler Gerhard"]
[Black "Kleist Werner[35Berlin"]
[Result "1-0"]
[WhiteElo "1791"]
[BlackElo "1560"]
[PlyCount "103"]
[EventDate "2003.??.??"]
[Source "www.chesslib.no"]
[SourceDate "2004.05.04"]

1. e4 d5 2. exd5 Qxd5 3. Nc3 Qa5 4. b4 Qxb4 5. a4 Qd6 6. Nf3 Nf6 7. Ba3 Qd8 8. Bc4 Bg4 9. Bxf7+ Kxf7 10. Ne5+ Kg8 11. Nxg4 Nc6 12. O-O Qd7 13. Nxf6+ exf6 14. Bxf8 Rxf8 15. Qb1 Na5 16. Re1 Kf7 17. Qa2+ Kg6 18. Nd5 Re8 19. Nf4+ Kh6 20. Qa3 g5 21. Nd3 Rxe1+ 22. Rxe1 Nc6 23. h4 gxh4 24. Re4 Qf5 25. Rxh4+ Kg7 26. Nf4 h5 27. Qg3+ Kf7 28. Qb3+ Ke8 29. Qxb7 Kd7 30. Qb3 Qg5 31. g3 Qe5 32. Nd3 Qd6 33. Rxh5 Rxh5 34. Qf7+ Kc8 35. Qxh5 Qa3 36. Qf5+ Kd8 37. Qxf6+ Ne7 38. Ne5 Kc8 39. Qf8+ Kb7 40. Kh2 Qc5 41. d4 Qd6 42. c3 Qe6 43. Qf3+ Kb8 44. c4 Qh6+ 45. Kg2 Qe6 46. a5 c5 47. a6 Qxa6 48. Qf8+ Nc8 49. Qxc5 Qe6 50. Nc6+ Kc7 51. Nxa7+ Kb8 52. Qxc8+ 1-0

[Event "Dortmund"]
[Site "?"]
[Date "2005.07.09"]
[Round "2.17"]
[White "Abramowski Uwe"]
[Black "Bauer Matthias"]
[Result "1-0"]
[WhiteElo "1766"]
[BlackElo "1581"]
[PlyCount "49"]
[EventDate "2005.??.??"]
[Source "www.chesslib.no"]
[SourceDate "2004.05.04"]

1. e4 d5 2. exd5 Qxd5 3. Nc3 Qa5 4. b4 Qxb4 5. Rb1 Qd6 6. Bc4 e6 7. Nge2 Nf6 8. d4 c6 9. Bf4 Qd8 10. O-O Bd6 11. Re1 O-O 12. Qd2 Qc7 13. Rb3 Nbd7 14. Bxd6 Qxd6 15. Ng3 Nb6 16. Bd3 Nbd5 17. Nce4 Nxe4 18. Rxe4 Nf6 19. Rh4 e5 20. Qg5 exd4 21. Nh5 Nxh5 22. Bxh7+ Kh8 23. Rxh5 Qf6 24. Bg6+ Kg8 25. Rh8+ 1-0

[Event "Aix Les Bains FRA"]
[Site "?"]
[Date "2006.??.??"]
[Round "2.7"]
[White "Rambourg Juliette"]
[Black "Christophe Lucie"]
[Result "1-0"]
[WhiteElo "1830"]
[BlackElo "1510"]
[PlyCount "79"]
[EventDate "2006.??.??"]
[Source "www.chesslib.no"]
[SourceDate "2004.05.04"]

1. e4 d5 2. exd5 Qxd5 3. Nc3 Qa5 4. b4 Qb6 5. Nf3 Bg4 6. Be2 c6 7. O-O Nf6 8. Ne5 Bxe2 9. Qxe2 Qc7 10. d4 e6 11. Rb1 Bd6 12. b5 O-O 13. bxc6 bxc6 14. Bf4 Nd5 15. Nxd5 cxd5 16. Bg3 Nc6 17. Rfd1 Bxe5 18. Bxe5 Nxe5 19. dxe5 Rab8 20. Rb3 Rb6 21. Rdd3 Rxb3 22. cxb3 Rc8 23. h4 Qc2 24. Rd2 Qb1+ 25. Rd1 Rc1 26. Rxc1 Qxc1+ 27. Kh2 Qc7 28. g3 h6 29. Kg2 Qc6 30. b4 a6 31. Qd3 Qc4 32. Qxc4 dxc4 33. Kf3 Kf8 34. Ke3 f6 35. exf6 e5 36. fxg7+ Kxg7 37. Kd2 Kf7 38. Kc3 Ke7 39. Kxc4 Kd6 40. a4 1-0

[Event "St Affrique op 9th"]
[Site "?"]
[Date "2001.07.23"]
[Round "3.75"]
[White "Vervelle Sebastien"]
[Black "Dupont Alexis"]
[Result "0-1"]
[WhiteElo "1690"]
[BlackElo "1470"]
[PlyCount "60"]
[EventDate "2001.??.??"]
[Source "www.chesslib.no"]
[SourceDate "2004.05.04"]

1. e4 d5 2. exd5 Qxd5 3. Nc3 Qa5 4. b4 Qxb4 5. Rb1 Qd6 6. Nf3 Nf6 7. d4 c6 8. Bc4 h6 9. O-O Nbd7 10. Ne2 Nb6 11. Bf4 Qd8 12. Bb3 Bg4 13. Ne5 e6 14. f3 Bf5 15. Ng3 Bh7 16. Ne4 Bxe4 17. fxe4 Nxe4 18. Qh5 Qe7 19. Rbe1 Nf6 20. Qh3 Nbd5 21. Bd2 O-O-O 22. Rb1 c5 23. Ba5 Nc7 24. Bxc7 Kxc7 25. Qg3 Kc8 26. Ba4 Qc7 27. Rb3 Rxd4 28. Rfb1 Rb4 29. Rxb4 cxb4 30. Qe3 Bc5 0-1

[Event "France (championnat Pupillette)"]
[Site "?"]
[Date "2004.04.21"]
[Round "5.5"]
[White "Rambourg Juliette"]
[Black "Klipper Noemie"]
[Result "0-1"]
[WhiteElo "1430"]
[BlackElo "1660"]
[PlyCount "154"]
[EventDate "2004.??.??"]
[Source "www.chesslib.no"]
[SourceDate "2004.05.04"]

1. e4 d5 2. exd5 Qxd5 3. Nc3 Qa5 4. b4 Qxb4 5. Rb1 Qd6 6. Nf3 Nf6 7. d4 Nc6 8. Bc4 g6 9. Nb5 Qd8 10. Bf4 e5 11. dxe5 Nh5 12. Bg5 Qxd1+ 13. Rxd1 Bb4+ 14. c3 Ba5 15. Rd3 O-O 16. O-O Bf5 17. Re3 a6 18. Nbd4 Bd7 19. e6 fxe6 20. Nxe6 Bxe6 21. Rxe6 Kg7 22. Rd1 Kh8 23. g4 Rxf3 24. gxh5 Bxc3 25. hxg6 hxg6 26. Rxg6 Bd4 27. Rf1 Raf8 28. Bh4 Ne5 29. Rd1 Bb6 30. Rxb6 cxb6 31. Bd5 Ra3 32. Be7 Rff3 33. Bxa3 Rxa3 34. Bxb7 Rxa2 35. f4 Ng4 36. h3 Ne3 37. Re1 Nc4 38. Rf1 Nd6 39. Bc6 b5 40. f5 Kg7 41. f6+ Kf8 42. h4 Ra4 43. Rd1 Nf7 44. Bb7 Rg4+ 45. Kh2 Rxh4+ 46. Kg3 Ra4 47. Rc1 Nd6 48. Bd5 Ne4+ 49. Bxe4 Rxe4 50. Rc6 a5 51. Rb6 Rb4 52. Kf2 a4 53. Ra6 Rb3 54. Ke2 a3 55. Kd2 Rb2+ 56. Kc1 b4 57. Ra4 Kf7 58. Ra6 Kg6 59. Kd1 a2 60. f7+ Kxf7 61. Ra7+ Ke6 62. Ra6+ Kd5 63. Ra5+ Kc4 64. Ra8 Rb1+ 65. Kc2 a1=Q 66. Rc8+ Kb5 67. Rb8+ Kc6 68. Rc8+ Kb7 69. Rh8 Qxh8 70. Kd2 Qh3 71. Kc2 Qc3+ 72. Kxb1 Qd2 73. Ka1 Kc6 74. Kb1 Kc5 75. Ka1 Kc4 76. Kb1 Kb3 77. Ka1 Qa2# 0-1

[Event "Nationale I (youth) rounds 4-11 2004/05"]
[Site "?"]
[Date "2005.05.15"]
[Round "3.9"]
[White "Delvaux Francois"]
[Black "Lemeille Robin"]
[Result "0-1"]
[WhiteElo "1470"]
[BlackElo "1610"]
[PlyCount "48"]
[EventDate "2005.??.??"]
[Source "www.chesslib.no"]
[SourceDate "2004.05.04"]

1. e4 d5 2. exd5 Qxd5 3. Nc3 Qa5 4. b4 Qxb4 5. Rb1 Qc5 6. Nf3 Nf6 7. Nb5 Bf5 8. Ba3 Qc6 9. Nfd4 Qe4+ 10. Qe2 Na6 11. f3 Qxe2+ 12. Bxe2 Bg6 13. Nc3 O-O-O 14. Ndb5 c6 15. Nxa7+ Kc7 16. Bxa6 bxa6 17. Bc5 Nd5 18. O-O e6 19. Bf2 c5 20. Na4 Bxc2 21. Rbc1 Bxa4 22. Rc4 Bb5 23. Rc2 Bxf1 24. Kxf1 Kb6 0-1

[Event "Corr"]
[Site "?"]
[Date "2003.09.24"]
[Round "?"]
[White "Mauro Guido"]
[Black "Tomashewski Peter"]
[Result "0-1"]
[WhiteElo "1397"]
[BlackElo "1612"]
[PlyCount "48"]
[EventDate "2003.??.??"]
[Source "www.chesslib.no"]
[SourceDate "2004.05.04"]

1. e4 d5 2. exd5 Qxd5 3. Nc3 Qa5 4. b4 Qxb4 5. Rb1 Qd6 6. Nf3 Nf6 7. Nb5 Qd8 8. d4 c6 9. Nc3 Nbd7 10. Bd3 b6 11. O-O e6 12. Bf4 Be7 13. Ne4 Nxe4 14. Bxe4 Bb7 15. c4 Nf6 16. Bc2 O-O 17. Qd3 h6 18. Be5 g6 19. Nh4 Qe8 20. Qg3 Kh7 21. Rfe1 Rd8 22. c5 Nd5 23. Bc7 Bxh4 24. Qxh4 Nxc7 0-1

[Event "FRA"]
[Site "?"]
[Date "2005.05.16"]
[Round "11.8"]
[White "Haffoud Paolo"]
[Black "Delvaux Robin"]
[Result "0-1"]
[WhiteElo "1470"]
[BlackElo "1290"]
[PlyCount "52"]
[EventDate "2005.??.??"]
[Source "www.chesslib.no"]
[SourceDate "2004.05.04"]

1. e4 d5 2. exd5 Qxd5 3. Nc3 Qa5 4. b4 Qb6 5. Nf3 c6 6. Rb1 Qc7 7. d4 Bf5 8. Bd3 Bxd3 9. Qxd3 Nf6 10. O-O e6 11. Re1 Bd6 12. Bg5 Nbd7 13. Bxf6 Nxf6 14. Ng5 Bxh2+ 15. Kf1 Bf4 16. b5 Bxg5 17. bxc6 bxc6 18. d5 Nxd5 19. Nxd5 cxd5 20. Qxd5 Rd8 21. Qxg5 O-O 22. Rb3 Qxc2 23. Rg3 g6 24. Kg1 Rd1 25. Rxd1 Qxd1+ 26. Kh2 Qa1 0-1

[Event "GER-chT U14 Girls"]
[Site "?"]
[Date "2001.12.28"]
[Round "4.2"]
[White "Lorenz Jennifer"]
[Black "Ernst Laura"]
[Result "1/2-1/2"]
[WhiteElo "1035"]
[BlackElo "1149"]
[PlyCount "53"]
[EventDate "2001.??.??"]
[Source "www.chesslib.no"]
[SourceDate "2004.05.04"]

1. e4 d5 2. exd5 Qxd5 3. Nc3 Qa5 4. b4 Qxb4 5. Rb1 Qd6 6. d4 Nf6 7. Bc4 Qd8 8. Nge2 e6 9. Bf4 Be7 10. O-O O-O 11. Bb3 Nbd7 12. Na4 b5 13. Nac3 a6 14. a4 b4 15. Na2 Bb7 16. c3 a5 17. cxb4 axb4 18. Nac1 Nh5 19. Nd3 Nxf4 20. Ndxf4 Nf6 21. Rc1 Ra5 22. Qd3 c5 23. Rfd1 cxd4 24. Qxd4 Qxd4 25. Nxd4 e5 26. Rc7 exf4 27. Rxe7 1/2-1/2